00333nam a2200121Ia 4500008004100000041000800041082001200049100002000061245004200081260004600123300003100169365001100200240624s9999 xx 000 0 und d aeng a020 FRI aFRITZ DEBORAH A aMARC21 FOR EVERYONE A PRACTICAL GUIDE c2009aNew DelhibIndiana Publishing House axvi, : 188 : p. : cm. ; 28 cRSb20